000 00640nam a2200205Ia 4500
005 20250616124700.0
008 008 250516s9999 xx 000 0 eng d
020 _a9781478027959
040 _beng
_cSDCL
041 _aeng
_2eng
084 _aV95'P R4.2A
100 _aKabir, Ananya Jahanara
_9312456
245 0 _aArchipelagic memory and literatures of the Indian ocean world
260 _aReviewed :
_bDuke University Press Books,
_c2024.
300 _a107p.
490 _aJounal of the Indian ocean rim Monsoon
_vVolume 2
650 _aIndian Ocean History
_9427341
700 _aRaimondi, Luca
_9810202
942 _cTEXL
_2CC
999 _c1430769
_d1430769